|
|
|
|
| LEADER |
00000cam a2200000 a 4500 |
| 001 |
vtls010323051 |
| 003 |
SK-MaSNL |
| 005 |
20260301032206.0 |
| 008 |
240313s2011 xo g 000 0 slo |
| 015 |
|
|
|a SNBA2011/11-05924
|
| 020 |
|
|
|a 9788089264643
|q (brož.)
|
| 035 |
|
|
|a 4C1F965B-7A36-4C2B-B1D8-7632B05520DC
|
| 035 |
|
|
|a urn:nbn:sk:snk-amjj06
|
| 035 |
|
|
|a urn:nbn:sk:snk-am000wqa
|
| 040 |
|
|
|a SNK
|b slo
|c SNK
|e AACR2
|
| 041 |
0 |
|
|a slo
|
| 044 |
|
|
|a xo
|c SK
|
| 072 |
|
7 |
|a 27-5
|x Liturgia. Kresťanské umenie a symbolika. Duchovný život
|2 konspekt
|
| 072 |
|
7 |
|a 821.162.4-1
|x Slovenská poézia
|2 konspekt
|
| 080 |
|
|
|a 27-534.35
|2 2001
|
| 080 |
|
|
|a 821.162.4-1
|2 2001
|
| 080 |
|
|
|a (0:82-97)
|2 2001
|
| 100 |
1 |
|
|a Mucha, Ivan,
|d 1975-
|4 aut
|9 329070
|
| 245 |
1 |
0 |
|a Keď modlitba básňou je
|c Ivan Mucha ; [výber z tvorby Ivana Muchu zostavila Dana Škridlová]
|
| 250 |
|
|
|a 1. vyd.
|
| 260 |
|
|
|a Kežmarok
|b ViViT
|c 2011
|
| 300 |
|
|
|a 141 s.
|c 21 cm
|
| 500 |
|
|
|a Vydané pre ECAV na Slovensku
|
| 650 |
0 |
7 |
|a kresťanské modlitby
|2 SNKPH
|9 2006
|
| 650 |
0 |
7 |
|a Christian prayers
|2 SNKPHeng
|9 267714
|
| 655 |
|
7 |
|a motlitby
|2 SNKPH
|9 329071
|
| 655 |
|
7 |
|a Prayers
|2 SNKPHeng
|9 291214
|
| 655 |
|
7 |
|a slovenská poézia
|2 SNKPH
|9 70444
|
| 655 |
|
7 |
|a Slovak poetry
|2 SNKPHeng
|9 265010
|
| 700 |
1 |
|
|a Škridlová, Dana
|4 com
|9 329072
|
| 852 |
|
|
|a Štátna vedecká knižnica v Banskej Bystrici
|
| 919 |
|
|
|a 978-80-89264-64-3
|
| 958 |
|
|
|a OND
|
| 958 |
|
|
|a LX
|
| 968 |
|
|
|d 821
|
| 999 |
|
|
|c 577983
|d 579913
|
| 952 |
|
|
|a SNK
|b SNK
|y PREZ
|7 0
|p 17A0746891
|o snkSC 147154
|i snk2011/22524
|8 0
|0 0
|1 0
|4 0
|d 2011-11-10
|l 0
|r 2025-07-16 00:00:00
|w 2026-02-23
|
| 952 |
|
|
|a SNK
|b SNK
|y VYP
|7 0
|p 17A0746890
|o snkSC 147154 D1
|i snk2011/22525
|8 0
|0 0
|1 0
|4 0
|d 2011-11-10
|f 1
|l 0
|r 2026-02-23 14:39:45
|w 2026-02-23
|